| 000 | 01117nac a22003617a 4500 | ||
|---|---|---|---|
| 001 | BR9704402 | ||
| 003 | BR-BrBNA | ||
| 005 | 20240105121938.0 | ||
| 008 | 230509b bl.|||m| |||| 00| 0 por d | ||
| 040 |
_aBR-BrBNA _bpor _cBiblioteca Nacional de Agricultura |
||
| 072 | _aH01 | ||
| 090 | _aH01 BR9704402 | ||
| 100 | 1 | _aVeiga, R.F. de A. | |
| 100 | 1 | _aGermek, E.B. | |
| 100 | 1 | _aFaria, J.T. de | |
| 100 | 1 | _aOliveira, W.R. de | |
| 100 | 1 | _aNucci, T.A. de | |
| 100 | 1 | _aCoelho, S.M.B.M. | |
| 110 | 1 | _aInstituto Agronomico, Campinas, SP (Brasil) | |
| 245 | 1 | _aO sistema de introducao e quarentena de plantas do Instituto Agronomico e os procedimentos necessarios ao intercambio de germoplasma | |
| 260 | 3 |
_aCampinas, SP (Brasil): _c1992. |
|
| 300 | _a20 p. | ||
| 490 |
_aDocumentos IAC (Brazil) _vno. 28 _xISSN 0102-4477 |
||
| 500 | _aSummaries (En, Pt); 20 ref. | ||
| 650 | _aInspecao Sanitaria | ||
| 650 | _aMuda | ||
| 650 | _aSemente | ||
| 650 | _aTuberculo | ||
| 650 | _aQuarentena | ||
| 650 | _aGermoplasma | ||
| 909 |
_a202312 _bLúcia Elande _c55 _dLúcia Elande |
||
| 942 |
_2AGRIS _n0 _cMS |
||
| 999 |
_c288363 _d288363 |
||